000 00591nam a2200205 a 4500
001 000017897
005 20200929165255.0
008 100407s1983 dr 000 0 spa d
040 _aDO-SdBNP
082 _axxx
_bM385g
100 1 _aMartínez, Rufino
_938668
245 1 0 _aGlosas y apreciaciones /
_cRufino Martínez.
260 _aSanto Domingo :
_bUniversidad Cetec,
_c1983.
300 _a70 p. ;
_c22 cm.
490 1 _aEnsayos
_vvol. 7
500 _aIncluye índice de nombres
500 _aIncluye notas al pie de las páginas
830 0 _aEnsayos
_vvol. 7
_911110
049 _aBNPD
999 _c17421
_d17421